000 00763nam a2200205Ii 4500
003 JO-AjNU
008 230605s9999||||xx |||||||||||||| ||und||
040 _aJO-AjNU
_bara
_erda
_cJO-AjNU
041 _aara
050 1 4 _aBP131.5.M34 2006
100 3 _aتاليف القاري، ملا علي؛ تحقيق أسامة عطايا؛ مراحعة أحمد خالد شكري,
_eauthor
_923796
245 0 0 _aالمنح الفكرية في شرح المقدمة الجزرية
250 _aط1
264 3 1 _aدمشق: دار العوثاني للدراسات القرانية، 2006
300 _a342ص
336 _atext
_btxt
_2rdacontent
337 _aunmediated
_bn
_2rdamedia
338 _avolume
_bnc
_2rdacarrier
650 4 _aالقران - تجويد
_923797
999 _aA8665
_c12233
_d12233